000 00552nam a2200217Ia 4500
003 OSt
005 20220918231404.0
006 a|||||r|||| 00| 0
007 ta
008 220917b |||||||| |||| 00| 0 eng d
024 _a278,975
037 _cTextual
040 _aARTS
_cARTS
_beng
041 _2eng
_aeng
082 _aO5921:g, L7
100 _aPiru A L
_9154431
245 0 _aIstoria literaturii romane de la origini pina la 1830
260 _c1977
942 _hO5921:g, L7
_cTEXL
_2CC
999 _c290863
_d290863